00569nam a22001817a 450000500170000001000150001702000270003203500140005903700090007308200140008210000260009624500510012225000060017326000350017927000630021430000340027750000760031120250902114631.0 aENG-146518 a9789395474368c1995.00 aEN-130050 bDBAD a336.39054 aFromherz, Allen James aThe Center of the World/cAllen James Fromherz a1 aNew DelhibSanctum Booksc2025 a68 Medical Association Road, Darya GanjbNew Delhie110002 axxii, 306p. c24cm(hb)bIndex a A Global History of the Persian Gulf From the Stone Age to the Present